| 000 | 00776nam a22002177a 4500 | ||
|---|---|---|---|
| 005 | 20170124110247.0 | ||
| 010 | _aA-463660 | ||
| 020 |
_c125.00 _a0876926340 |
||
| 035 | _aA-463660 | ||
| 037 | _bCen Lib/Ret | ||
| 040 |
_aDPL _bEN |
||
| 082 |
_a342.54 _bAMB |
||
| 245 |
_aDr. B.R. Ambedkar : the man and his message : _ba commemorative volume / _cedited by Sudarshan Agarwal |
||
| 260 |
_bPrentice Hall of India _aNew Delhi _c1991 |
||
| 270 |
_aM-97, Connaught Circus _bNew Delhi _e110001 |
||
| 300 |
_axxiv,215p. _c20cm(Hb) |
||
| 650 |
_aAmbedkar, B. R. -- (Bhimrao Ramji), -- 1891-1956 -- Political and social views. _914804 |
||
| 650 |
_aPolitical and social views. _97882 |
||
| 700 |
_aAgarwal, Sudarshan _939274 |
||
| 942 |
_2ddc _cEN _h342.54 _mAMB |
||
| 999 |
_c135602 _d135602 |
||